[Event "Turnier 40 / 120"]
[Site "Wien"]
[Date "2022.09.05"]
[Round "42"]
[White "Mephisto London 68000 - 12 MHZ"]
[Black "Mephisto Atlanta SH7034 - 20 MHZ"]
[Result "1-0"]
[BlackElo "2192"]
[WhiteElo "2194"]

{Analyse ------> Komodo 13.02.} 1. e4 c6 2. Nf3 d5 3. Nc3 Bg4 4. h3 Bxf3 5.
Qxf3 e6 {Buchende} 6. d3 Nf6 {Buchbewertung Mephisto Atlanta: 0,0} 7. g3
Bb4 8. Bd2 d4 9. Nb1 {Buchende} Qb6 10. b3 {Buchbewertung Mephisto London
68000: 0,00 / lt. Komodo ist die Stellung etwa gleich} Qc5 11. Bxb4 Qxb4+
12. Nd2 Qc3 13. Qd1 Na6 14. a3 e5 15. Bg2 O-O 16. O-O Nc7 17. Nc4 Rfe8 18.
f4 exf4 {besser ist Sd7} 19. gxf4 {b4 war vorzuziehen} Rad8? {deutlich
schwächer als b5, nach dem Textzug steht Weiss bereits klar besser, Komodo
+1,20 mit der Fortsetzung b4} 20. Ra2? {so aber nicht, verspielt den
gesamten Vorteil, die Stellung ist wieder im Lot mit der Fortsetzung b5}
Nb5 {in dieser komplizierten Stellung können beide Geräte nicht die idealen
Züge finden, besser ist b5, um den lästigen Springer c4 zu vertreiben, nach
dem Textzug steht Weiss wieder etwas besser mit ca. +0,60} 21. Qf3 b6??
{ein Verlustzug, danach ist die Partie bereits verloren, Komodo -2,00 mit
der Fortsetzung Df2, nötig war Sc7, nach dem Textzug geht bereits der
B-Bauer verloren, da Schwarz auf Df2 gezwungen ist a5 zu spielen, sonst ist
die schwarze Dame in nöten.} 22. e5? {verspielt einen Grossteil des
Vorteiles, Komodo +0,70} Nd5 23. Qg3 a6?? {ein Verlustzug, danach ist die
Partie bereits wieder verloren, Komodo -1,80 mit der Fortsetzung Kh1,
gefolgt von Tg1 und Angriff auf der offenen G-Linie, nötig war Se3 mit nur
geringem Vorteil für Weiss mit ca. -0,40} 24. Bxd5?? {ein Katastrophenzug,
der sogar den Spiess umkehrt, Mephisto London 68000 entschliesst sich hier
zu einem geplanten Bauernraub mit der Absicht b6 zu schlagen, dieser Zug
büsst ca. 2,5 Bauerneinheiten !! ein und bringt sogar Schwarz etwas in
Vorteil mit ca. +0,50 (fairerweise sei gesagt, auch Mephisto Atlanta hätte
Lxd5 gezogen), aus Sicht eines Oldies war aber der Bauerngewinn natürlich
verlockend, den Weitblick in dieser komplizierten Stellung haben sie halt
nicht, irgendwie verständlich} cxd5 25. Nxb6 Qc7 26. Na4 Re6 27. Kh1 Rde8
{besser ist f6, nach dem Textzug ist die Stellung im Lot} 28. b4 Nc3
{besser ist Tg6 mit Ausgleich, nach dem Textzug ist Weiss etwas im Vorteil
mit ca. +0,50} 29. Nxc3 dxc3? {will den Doppelbauern anbringen, allerdings
ein ganz schlechter Zug, der viel zu passiv ist, die C-Linie schliesst und
Weiss von dem Probelm des schwachen zurückhängenden Bauern c2 befreit,
strategisch grottenschlecht und bringt Weiss klar in Vorteil, Komodo -1,10,
wieder mal ist ein Schwerfigurenendspiel entstanden, da sind Probleme
praktisch vorprogrammiert, trotzdem dass Weiss momentan klar im Vorteil
ist, sage ich noch abwarten, da kann noch vieles passieren} 30. Rg1 {eine
Mattdrohung , wird aber natürlich leicht pariert, verspielt einen Grossteil
des Vorteiles, Komodo +0,30} Rg6 {auch nicht ideal, besser ist f6, Komodo
-0,60} 31. Qf3 Rxg1+ 32. Kxg1 d4?? {ein Verlustzug, danach steht Schwarz
einfach auf verlorenem Posten, nötig war a5, danach wäre Weiss nur knapp
mit ca. +0,50 im Vorteil, Komodo -1,60} 33. Qd5 {klar vorzuziehen ist Ta1,
Komodo +0,80} Rd8? {natürlich wieder falsch, nötig ist Dc8, Komodo -1,30,
hier beende ich die weitere Kommentierung mit dem Endkommentar, es ist ein
Schwerfigurenendspiel wieder mal von der Sorte, welches beide Geräte aus
verständlichen Gründen einfach überfordert, die Gründe braucht man nicht
ständig zu wiederholen, hier warte ich einfach das Ende ab, sieht nach
klarem Sieg für Weiss aus, aber mal abwarten} 34. Qg2 Qd7 35. Kh2 h6 36.
Ra1 Kf8 37. Rg1 g6 38. Qe4 Ke7 39. Rg2 h5 40. Re2 Qe6 41. Qb7+ Rd7 42. Qc8
Qb6 43. Re4 Rd8 44. Qc4 Qb5 45. Qc7+ {die Stellung ist klar verloren für
Schwarz, Komodo -2,40} Rd7 46. Qc5+ Qxc5 47. bxc5 f5??? {das war es dann,
Komodo -7,00 - einfach absurd, auch Mephisto London 68000 hätte diesen Zug
gemacht, deutlich mehr Widerstand leistet noch Ke6, verliert aber natürlich
auch schon klar} 48. exf6+ Kxf6 49. Re5 Re7 {danach ziehe ich den Stecker,
die einzige Lösung einfach unerträglich, natürlich spielte Mephisto London
Txe7, das sei noch dazu gesagt / eine jämmerliche Vorstellung von Atlanta
!!} 1-0
[/pgn]
[pgn]

[Event "Turnier 40 / 120"]
[Site "Wien"]
[Date "2023.01.17"]
[Round "43"]
[White "Mephisto Atlanta SH7034 - 20 MHZ"]
[Black "Mephisto London 68000 - 12 MHZ"]
[Result "1/2-1/2"]
[BlackElo "2194"]
[WhiteElo "2192"]

{Analyse -----> Komodo 13.02.} 1. d4 Nf6 2. c4 g6 3. Nc3 Bg7 4. e4 d6 5. f3
O-O 6. Be3 Nc6 7. Nge2 a6 8. Qd2 {Buchende} Rb8 {Buchende} 9. Ng3
{Buchbewertung Mephisto Atlanta: -0,2} e5 {Buchbewertung Mephisto London
68000: -0,12 / lt. Komodo steht Weiss eine Nuance besser mit ca. +0,30} 10.
d5 Ne7 11. Be2 Ne8 12. c5 f5 13. exf5 gxf5 14. Nh5 f4 15. Bf2 Bh8? {ein
schlechter Zug, danach steht Weiss klar besser, Komodo +1,50 mit der
Fortsetzung g4, nötig war Lh6 mit geringem Vorteil für Weiss mit ca. +0,50}
16. g3 {schwächer als g4, aber auch danach steht Weiss noch besser mit ca.
+1,00 / Atlanta sieht sich im Nachteil mit -0,5} Ng7 {Mephisto London
68000: -0,06 / etwas besser ist Lf5, Komodo -1,20} 17. Nxg7 Bxg7 18. O-O-O
Ng6?? {ein Verlustzug, danach ist die Partie bereits verloren, Komodo -2,40
mit der Fortsetzung g4, deutlich besser ist Sf5 mit ca. -1,00} 19. Rhg1?
{darauf kommt aber Mephisto Atlanta nicht, Weiss bleibt im Vorteil büsst
aber eine ganze Bauerneinheit ein, Komodo +1,30, man muss aber wieder dazu
sagen, das Ganze ist natürlich aus Sicht von Komodo, beide Geräte können
hier keinerlei Vor- oder Nachteile sehen und sind sich einig in ihrer
Stellungbewertung und die ist 0,00} b6 20. c6 b5 21. Bd3? {ein ganz
schlechter Zug, Komodo +0,70 wieder war g4 angesagt (das hatte Mephisto
London 68000 sogar vorgeschlagen, allerdings ohne sich dabei im Nachteil zu
sehen, lt. Komodo wäre Weiss damit bereits mit +2,00 im Vorteil gewesen)}
b4? {klar schwächer als fxg3, Komodo -1,50} 22. Ne2? {ganz schwach, damit
die jeglicher Vorteil dahin, der Springer muss nach e4, Komodo 0,00 (auch
diesen Zug hätte Mephisto London 68000 gemacht, beide Geräte sind hier
hoffnungslos überfordert, hier beende ich die weitere Kommentierung, diese
Stellung ist einfach zu kompliziert für beide Geräte um hier die Feinheiten
zu erkennen, da wird wohl auch der Glücksfaktor beim Ausgang eine grosse
Rolle spielen)} Qf6 23. Bxg6 hxg6 24. gxf4 Bf5 25. fxe5 Qxe5 26. Bg3 Qe7
27. Nd4 Bxd4 28. Qxd4 Qe2 29. Rd2 Qxf3 30. Qf4 Qxf4 31. Bxf4 Be4 32. Bh6
Rf5 33. Re2 Bxd5 34. Re7 Rf7 35. Rxg6+ Kh8? {eine Ungenauigkeit, danach ist
Weiss etwas im Vorteil, Komodo +1,00, nach Kh7 wäre die Stellung exakt im
Lot gewesen mit 0,00} 36. Rxf7 Bxf7 37. Rg7 Rf8? {ein grottenschlechter
Zug, danach ist die Partie praktisch verloren, Komodo -2,00, nötig war Lxa2
mit ca. -0,80} 38. a3? {aber Endspiele sind eben schwierig, Atlanta
verschenkt wieder einen Grossteil des Vorteiles, gewonnen hätte h4, Komodo
+0,80} bxa3? {und Mephisto London macht es auch nicht besser, verpasst das
weit stärkere Lb3, Komodo -1,60} 39. bxa3 Be6 40. Rxc7 Rf1+ 41. Kd2? {weit
schwächer als Kc2, der König sollte natürlich am Damenflügel bleiben, um
dem schwarzen Turm nicht zu ermöglich sich hinter die Bauern zu klemmen, es
gehört natürlich Kc2, Tf2+, Ld2 ! und Weiss gewinnt, man sieht schon in der
Vorschau Atlanta tendiert mit König nach e1 ??? und ist drauf und dran
wieder alles zu verschenken (Mephisto London 68000 hatte die richtige
Variante erwartet und hätte es besser gemacht !!)} Rf2+ 42. Ke1 {naja damit
wird es wohl wieder nur Remis} Rxh2 43. Bf4 Rh7 {besser ist Tc2, Komodo
-1,50} 44. Rxh7+??? {einfach indiskutabel, verschenkt endgültig den Sieg,
die Gründe braucht man wohl nicht zu erläutern, nötig war natürlich Tb7}
Kxh7 45. Bxd6 Kg6 46. Ke2 Kf7 47. Kd3 Ke8 48. Kd4 a5 49. Ke5 {also was mich
hier wundert: Komodo 13.02 sieht hier einen Vorteil von +1,26 ?? für Weiss,
lt. Stockfish 15 ist es natürlich 0,00, wer da recht hat, braucht man nicht
lange zu diskutieren, ich gebe es hier Remis / neuerlich verschenkt Atlanta
den Sieg, bereits zum 3x hintereinander in dieser letzten Staffel.} 1/2-1/2
[/pgn]
[pgn]

[Event "Turnier 40 / 120"]
[Site "Wien"]
[Date "2023.01.18"]
[Round "44"]
[White "Mephisto London 68000 - 12 MHZ"]
[Black "Mephisto Atlanta SH7034 - 20 MHZ"]
[Result "0-1"]
[BlackElo "2192"]
[WhiteElo "2194"]

{Analyse -----> Komodo 13.02.} 1. e4 e5 2. Nf3 Nf6 3. Nxe5 d6 4. Nf3 Nxe4
5. d4 d5 6. Bd3 Be7 7. O-O Nc6 8. Re1 Bf5 9. c4 Nb4 10. Bf1 O-O 11. a3 Nc6
12. Nc3 {Buchende} Nxc3 13. bxc3 {Buchbewertung Mephisto London 68000:
+0,30} dxc4 {Buchende} 14. Bxc4 a6 {Buchbewertung Mephisto Atlanta: -0,4 /
lt. Komodo steht Weiss etwas besser mit ca. +0,50} 15. Ne5 {nicht ideal,
danach ist die Stellung im Lot, besser ist a4} Nxe5 16. Rxe5 Bg6 17. Qf3
Bf6 18. Re2 c6 19. Bf4 Re8 20. Rae1 Rxe2 21. Rxe2 Qa5 22. Rb2 Bh5?? {ein
Verlustzug, der völlig den logischen Konter g4 ! übersieht, danach steht
Schwarz praktisch schon auf verlorenem Posten, Komodo -1,20 (Atlanta
rechnet mit Dh3 ?), nach Te8 oder Dxa3 wäre die Stellung etwa gleich
gewesen / lt. Stockfish 15 ist die Partie bereits hoffnungslos verloren:
-3,00} 23. Qh3?? {hier hat Atlanta seinen Gegner wohl auf das Glatteis
geführt, er nimmt seinen Zugvorschlag an und verspielt den gesamten Vorteil
auf einen Schlag, danach ist die Stellung wieder im Lot mit der Fortsetzung
Te8, Komodo 0,00} b6?? {so aber nicht, der nächste Verlustzug, danach ist
die Partie wieder verloren, Komodo -1,50 mit der Fortsetzung Dd7} 24. Bd6?
{doch auch diese Chance lässt Mephisto London 68000 verstreichen, nach dem
Textzug ist die Stellung neuerlich im Lot, Komodo 0,00} Bg6 25. Qf3 Rc8 26.
Bf1 h6 27. h3 {besser ist Te2, nach dem Textzug ist Schwarz etwas im
Vorteil, Komodo +0,80 mit der Fortsetzung c5} Kh8??? {ohne Worte, die
Stellung ist wieder im Lot} 28. Kh1??? {ebenfalls ohne Worte, scheint
ansteckend zu sein dieser sinnlose Königszug ins Eck, nach dem Textzug ist
Schwarz klar im Vorteil, Komodo +1,10 mit der Fortsetzung c5, nötig war h4}
Re8? {hier hat Atlanta auch Pech, er verwirft im letzten Augenblick den
klar vorteilhaften Zug c5, wegen einer Bewertungsdifferenz von +0,1, nach
dem Textzug ist wieder der gesamte Vorteil dahin, die Stellung ist wieder
im Lot} 29. Bb4? {diese Stellung überfordert beide Geräte bei Weitem,
wieder ein ganz schlechter Zug, Komodo -1,50 mit der Fortsetzung Dg5, nötig
war Kh2} Qg5 30. Re2 Rxe2 31. Qxe2?? {danach ist die Partie schlicht und
ergreifend verloren, Komodo -2,80 mit der Fortsetzung Dc1, richtig
natürlich Lxe2 mit ca. -1,50} Qc1! 32. Bd6 Qxc3 33. d5 {etwas mehr
Widerstand leistet noch Dxa6, Komodo -3,50} Qd4? {ein schlechter Zug, der
eine ganze Bauerneinheit einbüsst, Komodo +2,50, warum nicht einfach cxd5,
gewinnt sofort einen Bauern und bringt den Freibauern einen Schritt näher
zum Ziel, unverständlich !} 34. Bc7? {ganz schlecht, schenkt 1,5
Bauerneinheiten !! gleich wieder retour, Komodo -4,00 mit der Fortsetzung
cxd5} Qxd5??? {also diese Partie kann einen wirklich zur Verzweiflung
bringen, dieser Katastrophenzug, anders kann man es nicht ausdrücken,
verschenkt nahezu den gesamten Vorteil und büsst ganze 3 Bauerneinheiten !!
ein, Komodo nur noch +1,00, damit ist der Gewinn in weite Ferne gerückt}
35. Bxb6 a5 36. Qc4 Be7 37. Qa4 Bd6 38. Qxa5 Qxa5 39. Bxa5 Bxa3 40. Bc4 Bd6
41. f3 Kg8 42. Bc3 Kf8 43. Kg1 f6 44. Kf2 Ke7 45. Ke3 Bh7 46. g4 Bc5+ 47.
Ke2 Kd6 48. h4 Bb6 49. Bb4+ c5 50. Bd2 Bc7 51. h5 Kc6 52. Kd1 Bg3 53. Be3
Be5 54. Kd2 Kb6? {verschenkt endgültig jeglichen Vorteil, danach ist die
Partie bereits Remis, etwas Vorteil versprach noch Ld6, aber es ist
natürlich schon kaum zu gewinnen.} 55. Bf2 {nicht ideal 55. f4 ! hätte das
Remis besiegelt, nach dem Textzug ist Schwarz leicht im Vorteil mit ca.
+0,70} Bb2 56. Kd1 Bc3 57. Be3 Bd4 58. Bf4? {ein schlechter Zug, der das
Remis in Gefahr bringt, nötig war Ld2, Komodo -1,40 mit der Fortsetzung
Ka5} Ka5! 59. Bd2+ Ka4 60. Ke2 Ka3 61. Ba5 {besser ist f4, Komodo -2,00}
Kb2! 62. Kd2 Be5 63. Ke2 Bf4 64. Be1 Bc2 {das ist bereits hoffnungslos
verloren für Weiss, Komodo -5,00} 65. Bd2?? {es ist schon egal, aber das
beschleunigt extrem den Untergang, nochmals um ganze 12 Bauerneinheiten !!
schlechter als La5, Komodo -17,00} Bxd2 66. Kxd2 f5 67. gxf5 Bxf5 68. Bf7
Bh3 69. Bc4 Bd7 70. Kd3 Be8 71. Bd5 Bxh5 72. f4 Kc1! 73. Be6 Kd1 74. Kc4
Ke2 {Rest geschenkt} 0-1
[/pgn]
[pgn]

[Event "Turnier 40 / 120"]
[Site "Wien"]
[Date "2023.01.18"]
[Round "45"]
[White "Mephisto Atlanta SH7034 - 20 MHZ"]
[Black "Mephisto London 68000 - 12 MHZ"]
[Result "1-0"]
[BlackElo "2194"]
[WhiteElo "2192"]

{Analyse ----> Komodo 13.02.} 1. d4 Nf6 2. c4 g6 3. Nf3 Bg7 4. g3 O-O 5.
Bg2 d6 6. O-O {Buchende} Nc6 7. Nc3 {Buchbewertung Mephisto Atlanta: +0,3}
a6 8. d5 Na5 {Buchende} 9. Qd3 c6? {Buchbewertung Mephisto London 68000:
-0,30, gleich der 1. berechnete Zug ist nicht ideal besser ist c5, Komodo
-1,00, deutlich besser ist c5, hier könnte Weiss mit b4 bereits klar in
Vorteil kommen} 10. Bg5 {diese Variante ist allerdings zu tief versteckt,
die erforderliche Rechentiefe um hier Vorteil zu erkennen ist nicht
machbar, der Textzug ist akzeptabel, danach ist Weiss noch leicht im
Vorteil mit ca. +0,40, nach b4 bei der Hauptvariante von Komodo steht Weiss
nach ca. 10 HZ mit 2 Springer gegen einen Turm und 2 Bauern da, was ja rein
materiell sogar noch ein Vorteil für Schwarz ist, also b4 als Vorteil zu
erkennen ist für einen Oldie praktisch unmöglich.} cxd5 {c5 ist
vorzuziehen, Komodo -0,90} 11. cxd5 h6 12. Bxf6 Bxf6 13. b4 b5?? {ein
Verlustzug, danach ist die Partie bereits klar verloren, Komodo -2,30,
nötig war Dc7 was auch Atlanta vorgeschlagen hätte, mit ca. -0,80} 14. bxa5
b4 15. Ne4 Bxa1 16. Rxa1 Qxa5 {Mephisto London 68000: -1,21} 17. Nd4
{Mephisto Atlanta: nur +0,8, naja rein materiell gesehen hat ja Weiss nur 2
Springer gegen einen Turm und einen Bauern ist ja sogar ausgeglichen, da so
einen grossen Vorteil zu sehen wie eine Top-Engine ist halt für einen Oldie
auch nicht machbar, Komodo +2,50} Bb7 18. Nc6 {deutlich schwächer als Sd2,
Komodo +1,70} Bxc6 19. dxc6 Rac8 {deutlich schwächer als Db5, Komodo -2,30}
20. Nd2 Rfd8? {immer noch war Db5 klar vorzuziehen, Komodo -3,50 mit der
Fortsetzung Ld5} 21. Rc1 {schwächer als Ld5, aber Weiss steht klar auf
Gewinn, Komodo +2,70} d5? {wieder wird das nötige Db5 verschmäht, büsst
gleich 2 weitere Bauerneinheiten ein, Komodo -4,70 mit der Fortsetzung Lh3}
22. Bh3! Rc7 {Mephisto London 68000: -0,54 sieht hier noch keine grosse
Gefahr in Erwartung von Dd4} 23. Be6! {Mephisto Atlanta: +1,5 !!, ein
starker Angriffszug, die beste Fortsetzung, Komodo +5,00} fxe6??? {Mephisto
London 68000: -0,51 ?? / hier handelt er vorschnell und nimmt sich für
diesen vermeintlichen Schlagzug nur 1 Minute Bedenkzeit, eine völlig
Fehleinschätzung, Komodo -16,00, der vergiftete Läufer durft nicht genommen
werden, nötig war Kh7} 24. Qxg6+ {Mephisto Atlanta erkennt sofort nach dem
Fehler den Gewinn und bewertet das bereits nach 1 Sekunde Bedenkzeit mit
+4,9 !} Kh8 {Mephisto London 68000: -3,00 erkennt erst jetzt das Problem}
25. Qxh6+ Kg8 26. Qxe6+ Kf8 27. Qf5+ Kg8 28. Rc4 dxc4 29. Qxa5 Rdc8 30.
Nxc4 Rxc6 31. Qg5+ Kf8 32. Ne5 R8c7 33. Qf5+ Rf6 {Matt in 12 / Mephisto
London 68000: -12,3 -----> aufgegeben !} 1-0
[/pgn]
[pgn]

[Event "Turnier 40 / 120"]
[Site "Wien"]
[Date "2023.01.19"]
[Round "46"]
[White "Mephisto London 68000 - 12 MHZ"]
[Black "Mephisto Atlanta SH7034 - 20 MHZ"]
[Result "0-1"]
[BlackElo "2192"]
[WhiteElo "2194"]

{Analyse ----> Komodo 13.02.} 1. d4 c6 2. e4 d5 3. Nc3 dxe4 4. Nxe4 Bf5 5.
Ng3 Bg6 6. h4 h6 7. Nf3 {Buchende} Nf6 {Buchende} 8. Ne5 {Buchbewertung
Mephisto London 68000: +0,21} Bh7 {Buchbewertung Mephisto Atlanta: 0,0 /
lt. Komodo steht Weiss eine Nuance besser mit ca. +0,30} 9. Bc4 e6 10. O-O
Nfd7??? {ein absoluter Verlustzug, danach ist die Partie sofort verloren,
Komodo -6,00 !! mit der Fortsetzung Sxf7 !! (auch Mephisto London 68000
hätte diesen Fehler gemacht), Atlanta verwarf im letzten Moment das
richtige Sbd7, danach wäre die Stellung im Lot gewesen} 11. Nf3??? {aber
Mephisto London 68000 verpasst die Riesenchance zum sofortigen Gewinn und
verspielt den gesamten Vorteil, die Stellung ist wieder im Lot, also Sxf7
war jetzt nicht so unmöglich, auch schwächere Engines wie z.B. Rybka sehen
nach 1 Sekunde den Gewinn.} Be7 12. h5 O-O 13. Bf4 Nb6 14. Bd3 Bxd3 15.
Qxd3 Nd5 16. Bd2 c5 17. Qb5 Qd7 18. Qxd7 Nxd7 19. c4 N5b6 20. b3 cxd4 21.
Nxd4 Rfd8 22. Bc3 Nc5 23. Rad1 Rd7 24. Nf3 Rad8 25. Rxd7 Rxd7 26. Bd4 a6
27. Re1 Nc8 28. Re3 Rd8 29. a4 b6 30. Ne4 f6 {die Stellung ist im Lot} 31.
Bxc5 bxc5 32. Kf1 Kf7 33. Ke2 Na7 34. Rd3 Rxd3 35. Kxd3 Nc6 36. g4 f5 37.
gxf5 exf5 38. Ng3 Ke6 39. Ne2 Kd6 40. Nf4 Nb4+ 41. Ke2 Bf6 42. Kd2 Bd8 43.
Nd3 Nxd3 44. Kxd3 Ke6 {die Stellung ist Remis, Komodo 0,00} 45. Ke3 Kf6 46.
Ne1 Kg5 47. Nd3 Be7 48. Nf4 Bd6 49. Ne6+ Kxh5 50. Nxg7+ {Schwarz erspielt
zwar einen Freibauern, die Stellung ist aber trotzdem klar Remis, der
Randbauer ist natürlich nicht zu verwerten, Schwarz hat ja auch den
"falschen" Läufer"} Kg6 51. Ne6 h5 52. Kf3 Kf7 53. Ng5+ Kf6 54. Nh3 Bb8 55.
Kg2??? {ein Verlustzug, danach ist die Partie sofort verloren, Komodo
-3,00} f4 56. f3 Bd6??? {verschenkt den Sieg, danach ist es wieder Remis,
gewonnen hätte natürlich Ke5} 57. Nf2? {doch Mephisto London 68000 macht
den nächsten Verlustzug, danach ist die Partie sofort verloren, Komodo
-3,00, das Remis gesichert hätte Sg1} Ke5 58. Ne4 Be7 59. Nc3 Kd4 60. Nd5
Bd6 61. Kh3 Kd3 62. Nb6 {Komodo -9,00} Be5? {ein schlechter Zug, der ganze
4 Bauerneinheiten !! abgibt, Komodo +5,00, natürlich gewinnt auch das noch
klar, deutlich stärker ist Ke2, Atlanta sieht hier noch keinerlei Vorteil:
Bewertung 0,0} 63. Nd7 {Mephisto London 68000: -0,63} Bd4 {Mephisto
Atlanta: +0,5} 64. a5 Kc3??? {ein echter Horrorzug, der den Sieg
verschenkt, danach ist es sofort Remis, der König muss natürlich nach e3
und Schwarz gewinnt mit +8,00 (auch das hätte Mephisto London 68000
gespielt)} 65. Nb8 Be5 66. Nd7??? {dieses Endspiel ist einfach jenseits der
Möglichkeiten beider Geräte hier beende ich nun die Kommentare und warte
das Ende ab, nach dem Textzug ist die Partie natürlich sofort verloren,
Komodo -6,00, das Remis gesichert hätte Sxa6, davor hatte Mephisto London
68000 anscheinend Angst, weil der Springer nach Ld6 eingeschlossen ist,
allerdings hätte er dann den Bauern c5 nehmen können und das hätte das
Remis gesichert, die nötige Rechentiefe dafür ist aber unerreichbar.} Bd6
67. Kh4 Kxb3 68. Nb6 Kb4 69. Kxh5 Kxa5 70. Nc8 Bb8 71. Ne7 Kb4 72. Nc6+ Kc3
73. Kg4 Bc7 74. Kf5 Kxc4 {Rest geschenkt} 0-1
[/pgn]
[pgn]